[Event "DEM U12 2024"]
[Site "Willingen GER"]
[Date "2024.05.22"]
[Round "5"]
[White "Hagn, Tobias"]
[Black "Hepp, Daniel"]
[Result "1-0"]
[Termination "normal"]
[Board "17"]
[WhiteElo "1633"]
[BlackElo "1726"]
[WhiteClock "00:10:13"]
[BlackClock "00:02:14"]
[PlyCount "209"]
[WhiteFideId "34623728"]
[BlackFideId "34608567"]
[EventCountry "GER"]
[EventRounds "9"]
[EventType "swiss"]
[EventDate "2024.05.18"]

1. e4 {[%clk 01:30:55]} {[%emt 00:00:04]} e6 {[%clk 01:30:54]} {[%emt
00:00:07]} 2. d4 {[%clk 01:31:06]} {[%emt 00:00:19]} d5 {[%clk 01:31:11]}
{[%emt 00:00:13]} 3. exd5 {[%clk 01:31:20]} {[%emt 00:00:16]} exd5 {[%clk
01:31:26]} {[%emt 00:00:15]} 4. Bd3 {[%clk 01:31:17]} {[%emt 00:00:33]} Bd6
{[%clk 01:31:15]} {[%emt 00:00:41]} 5. h3 {[%clk 01:30:55]} {[%emt 00:00:51]}
Nc6 {[%clk 01:30:34]} {[%emt 00:01:11]} 6. c3 {[%clk 01:31:01]} {[%emt
00:00:25]} Nge7 {[%clk 01:29:43]} {[%emt 00:01:21]} 7. Nf3 {[%clk 01:28:29]}
{[%emt 00:03:02]} Bf5 {[%clk 01:29:04]} {[%emt 00:01:09]} 8. Be3 {[%clk
01:28:02]} {[%emt 00:00:57]} Qd7 {[%clk 01:27:38]} {[%emt 00:01:56]} 9. Be2
{[%clk 01:22:41]} {[%emt 00:05:51]} h6 {[%clk 01:26:02]} {[%emt 00:02:06]} 10.
Nbd2 {[%clk 01:21:49]} {[%emt 00:01:22]} Ng6 {[%clk 01:22:50]} {[%emt
00:03:42]} 11. Nb3 {[%clk 01:17:03]} {[%emt 00:05:16]} b6 {[%clk 01:14:33]}
{[%emt 00:08:48]} 12. Qd2 {[%clk 01:10:16]} {[%emt 00:07:17]} O-O {[%clk
01:10:41]} {[%emt 00:04:21]} 13. Nh2 {[%clk 01:00:49]} {[%emt 00:09:57]} Nh4
{[%clk 01:03:45]} {[%emt 00:07:26]} 14. O-O-O {[%clk 00:47:12]} {[%emt
00:14:07]} Na5 {[%clk 00:57:57]} {[%emt 00:06:18]} 15. g3 {[%clk 00:38:38]}
{[%emt 00:09:03]} Ng6 {[%clk 00:29:14]} {[%emt 00:29:13]} 16. Na1 {[%clk
00:27:36]} {[%emt 00:11:32]} Qa4 {[%clk 00:24:24]} {[%emt 00:05:21]} 17. a3
{[%clk 00:18:15]} {[%emt 00:09:51]} Qb3 {[%clk 00:18:07]} {[%emt 00:06:47]} 18.
Bd3 {[%clk 00:13:24]} {[%emt 00:05:21]} Bxd3 {[%clk 00:17:12]} {[%emt
00:01:25]} 19. Qxd3 {[%clk 00:13:37]} {[%emt 00:00:17]} Qa2 {[%clk 00:16:52]}
{[%emt 00:00:50]} 20. Qb1 {[%clk 00:13:35]} {[%emt 00:00:32]} Qxb1+ {[%clk
00:15:57]} {[%emt 00:01:25]} 21. Kxb1 {[%clk 00:13:54]} {[%emt 00:00:10]} Nc4
{[%clk 00:15:53]} {[%emt 00:00:34]} 22. Nc2 {[%clk 00:13:58]} {[%emt 00:00:27]}
Rfe8 {[%clk 00:15:47]} {[%emt 00:00:36]} 23. Nf3 {[%clk 00:10:01]} {[%emt
00:04:27]} Bxg3 {[%clk 00:14:35]} {[%emt 00:01:42]} 24. Bxh6 {[%clk 00:05:15]}
{[%emt 00:05:15]} Bxf2 {[%clk 00:13:46]} {[%emt 00:01:20]} 25. Bc1 {[%clk
00:05:01]} {[%emt 00:00:44]} Nd6 {[%clk 00:07:36]} {[%emt 00:06:40]} 26. Nb4
{[%clk 00:04:41]} {[%emt 00:00:51]} Ne7 {[%clk 00:07:08]} {[%emt 00:00:57]} 27.
Rh2 {[%clk 00:03:55]} {[%emt 00:01:16]} Ne4 {[%clk 00:06:24]} {[%emt 00:01:15]}
28. Bf4 {[%clk 00:03:04]} {[%emt 00:01:21]} a5 {[%clk 00:06:14]} {[%emt
00:00:40]} 29. Nd3 {[%clk 00:02:55]} {[%emt 00:00:39]} Bg3 {[%clk 00:06:30]}
{[%emt 00:00:14]} 30. Bxg3 {[%clk 00:02:33]} {[%emt 00:00:52]} Nxg3 {[%clk
00:06:51]} {[%emt 00:00:08]} 31. Rg2 {[%clk 00:02:41]} {[%emt 00:00:21]} Nef5
{[%clk 00:06:39]} {[%emt 00:00:43]} 32. Nfe5 {[%clk 00:02:38]} {[%emt
00:00:33]} f6 {[%clk 00:06:19]} {[%emt 00:00:50]} 33. Ng4 {[%clk 00:02:50]}
{[%emt 00:00:18]} Kf7 {[%clk 00:05:19]} {[%emt 00:01:29]} 34. Rdg1 {[%clk
00:02:28]} {[%emt 00:00:51]} Ne4 {[%clk 00:03:32]} {[%emt 00:02:18]} 35. Rf1
{[%clk 00:01:36]} {[%emt 00:01:23]} g6 {[%clk 00:03:09]} {[%emt 00:00:53]} 36.
Rh2 {[%clk 00:01:20]} {[%emt 00:00:45]} c6 {[%clk 00:02:53]} {[%emt 00:00:47]}
37. h4 {[%clk 00:01:36]} {[%emt 00:00:13]} Nfd6 {[%clk 00:01:38]} {[%emt
00:01:45]} 38. h5 {[%clk 00:01:25]} {[%emt 00:00:41]} Rh8 {[%clk 00:01:16]}
{[%emt 00:00:52]} 39. Nge5+ {[%clk 00:01:30]} {[%emt 00:00:25]} Kg7 {[%clk
00:01:21]} {[%emt 00:00:24]} 40. Nxg6 {[%clk 00:01:46]} {[%emt 00:00:14]} Rxh5
{[%clk 00:01:17]} {[%emt 00:00:34]} 41. Rxh5 {[%clk 00:30:00]} Nd2+ {[%clk
00:27:28]} {[%emt 00:07:41]} 42. Kc1 {[%clk 00:26:18]} {[%emt 00:03:06]} Nxf1
{[%clk 00:27:27]} {[%emt 00:00:31]} 43. Ne7 {[%clk 00:25:07]} {[%emt 00:01:41]}
Re8 {[%clk 00:23:03]} {[%emt 00:04:55]} 44. Nxc6 {[%clk 00:21:53]} {[%emt
00:03:44]} Re3 {[%clk 00:11:46]} {[%emt 00:11:46]} 45. Rxd5 {[%clk 00:20:39]}
{[%emt 00:01:44]} Rxd3 {[%clk 00:07:04]} {[%emt 00:05:13]} 46. Rxd6 {[%clk
00:20:59]} {[%emt 00:00:10]} Ne3 {[%clk 00:06:55]} {[%emt 00:00:39]} 47. Kb1
{[%clk 00:21:11]} {[%emt 00:00:17]} Nc4 {[%clk 00:05:41]} {[%emt 00:01:45]} 48.
Rd7+ {[%clk 00:20:50]} {[%emt 00:00:51]} Kg6 {[%clk 00:05:05]} {[%emt
00:01:06]} 49. Ne7+ {[%clk 00:17:28]} {[%emt 00:03:52]} Kg5 {[%clk 00:03:48]}
{[%emt 00:01:48]} 50. Rc7 {[%clk 00:17:22]} {[%emt 00:00:36]} Ne3 {[%clk
00:03:37]} {[%emt 00:00:41]} 51. Rc6 {[%clk 00:15:16]} {[%emt 00:02:36]} a4
{[%clk 00:03:21]} {[%emt 00:00:46]} 52. Rxb6 {[%clk 00:08:29]} {[%emt
00:07:17]} Rd1+ {[%clk 00:02:55]} {[%emt 00:00:56]} 53. Ka2 {[%clk 00:08:53]}
{[%emt 00:00:06]} Nc2 {[%clk 00:02:22]} {[%emt 00:01:03]} 54. b3 {[%clk
00:09:16]} {[%emt 00:00:07]} Rd2 {[%clk 00:00:59]} {[%emt 00:01:53]} 55. bxa4
{[%clk 00:09:30]} {[%emt 00:00:16]} Nxd4+ {[%clk 00:00:57]} {[%emt 00:00:32]}
56. Kb1 {[%clk 00:09:43]} {[%emt 00:00:16]} Ne2 {[%clk 00:01:11]} {[%emt
00:00:16]} 57. Rc6 {[%clk 00:09:11]} {[%emt 00:01:03]} f5 {[%clk 00:00:53]}
{[%emt 00:00:48]} 58. Rc5 {[%clk 00:09:12]} {[%emt 00:00:28]} Kf6 {[%clk
00:01:08]} {[%emt 00:00:16]} 59. Nxf5 {[%clk 00:09:09]} {[%emt 00:00:32]} Nxc3+
{[%clk 00:01:21]} {[%emt 00:00:17]} 60. Rxc3 {[%clk 00:09:22]} {[%emt
00:00:18]} Kxf5 {[%clk 00:01:47]} {[%emt 00:00:04]} 61. a5 {[%clk 00:09:23]}
{[%emt 00:00:29]} Rd6 {[%clk 00:02:05]} {[%emt 00:00:11]} 62. Kb2 {[%clk
00:09:03]} {[%emt 00:00:50]} Ra6 {[%clk 00:01:14]} {[%emt 00:01:21]} 63. Rc5+
{[%clk 00:09:14]} {[%emt 00:00:19]} Ke6 {[%clk 00:01:21]} {[%emt 00:00:24]} 64.
Kb3 {[%clk 00:09:28]} {[%emt 00:00:15]} Kd6 {[%clk 00:01:33]} {[%emt 00:00:19]}
65. Kb4 {[%clk 00:09:33]} {[%emt 00:00:25]} Ra7 {[%clk 00:00:50]} {[%emt
00:01:13]} 66. Rb5 {[%clk 00:09:42]} {[%emt 00:00:19]} Kc6 {[%clk 00:00:41]}
{[%emt 00:00:39]} 67. Rb6+ {[%clk 00:09:53]} {[%emt 00:00:19]} Kc7 {[%clk
00:00:56]} {[%emt 00:00:15]} 68. Kb5 {[%clk 00:10:11]} {[%emt 00:00:11]} Rb7
{[%clk 00:00:58]} {[%emt 00:00:28]} 69. Ka6 {[%clk 00:09:08]} {[%emt 00:01:33]}
Rb8 {[%clk 00:00:45]} {[%emt 00:00:43]} 70. Ka7 {[%clk 00:09:14]} {[%emt
00:00:24]} Rc8 {[%clk 00:00:45]} {[%emt 00:00:30]} 71. Rb7 {[%clk 00:08:41]}
{[%emt 00:01:04]} Kc6 {[%clk 00:01:02]} {[%emt 00:00:12]} 72. a6 {[%clk
00:08:36]} {[%emt 00:00:35]} Rd8 {[%clk 00:00:34]} {[%emt 00:00:59]} 73. a4
{[%clk 00:07:19]} {[%emt 00:01:47]} Rc8 {[%clk 00:00:33]} {[%emt 00:00:30]} 74.
a5 {[%clk 00:07:16]} {[%emt 00:00:34]} Rd8 {[%clk 00:01:01]} {[%emt 00:00:03]}
75. Rb8 {[%clk 00:07:09]} {[%emt 00:00:37]} Rd5 {[%clk 00:00:40]} {[%emt
00:00:51]} 76. Rc8+ {[%clk 00:06:45]} {[%emt 00:00:54]} Kd7 {[%clk 00:00:58]}
{[%emt 00:00:12]} 77. Rc4 {[%clk 00:06:27]} {[%emt 00:00:47]} Rxa5 {[%clk
00:01:09]} {[%emt 00:00:20]} 78. Kb6 {[%clk 00:06:23]} {[%emt 00:00:33]} Ra1
{[%clk 00:00:56]} {[%emt 00:00:43]} 79. Rc7+ {[%clk 00:06:41]} {[%emt
00:00:12]} Kd8 {[%clk 00:00:50]} {[%emt 00:00:36]} 80. Rb7 {[%clk 00:06:30]}
{[%emt 00:00:41]} Kc8 {[%clk 00:00:48]} {[%emt 00:00:32]} 81. Rc7+ {[%clk
00:06:19]} {[%emt 00:00:41]} Kd8 {[%clk 00:00:45]} {[%emt 00:00:33]} 82. a7
{[%clk 00:06:17]} {[%emt 00:00:33]} Rb1+ {[%clk 00:00:50]} {[%emt 00:00:25]}
83. Kc6 {[%clk 00:06:40]} {[%emt 00:00:07]} Rc1+ {[%clk 00:01:01]} {[%emt
00:00:19]} 84. Kd6 {[%clk 00:06:58]} {[%emt 00:00:12]} Rd1+ {[%clk 00:01:19]}
{[%emt 00:00:12]} 85. Ke5 {[%clk 00:07:22]} {[%emt 00:00:05]} Ra1 {[%clk
00:00:49]} {[%emt 00:01:01]} 86. Rb7 {[%clk 00:07:41]} {[%emt 00:00:11]} Re1+
{[%clk 00:00:39]} {[%emt 00:00:41]} 87. Kf4 {[%clk 00:08:04]} {[%emt 00:00:07]}
Rf1+ {[%clk 00:00:54]} {[%emt 00:00:15]} 88. Kg3 {[%clk 00:08:26]} {[%emt
00:00:07]} Rg1+ {[%clk 00:00:49]} {[%emt 00:00:35]} 89. Kf2 {[%clk 00:08:50]}
{[%emt 00:00:06]} Ra1 {[%clk 00:01:07]} {[%emt 00:00:12]} 90. Rb8+ {[%clk
00:09:10]} {[%emt 00:00:10]} Kc7 {[%clk 00:01:32]} {[%emt 00:00:05]} 91. a8=Q
{[%clk 00:09:31]} {[%emt 00:00:08]} Rxa8 {[%clk 00:01:26]} {[%emt 00:00:37]}
92. Rxa8 {[%clk 00:09:52]} {[%emt 00:00:08]} Kb7 {[%clk 00:01:48]} {[%emt
00:00:09]} 93. Ra5 {[%clk 00:10:13]} {[%emt 00:00:09]} Kb6 {[%clk 00:02:14]}
{[%emt 00:00:03]} 94. Re5 Kc6 95. Ke3 Kd6 96. Kd4 Kc6 97. Rd5 Kb6 98. Rc5 Kb7
99. Kc4 Kb6 100. Kb4 Kb7 101. Kb5 Ka7 102. Rc7+ Ka8 103. Kb6 Kb8 104. Rc6 Ka8
105. Rc8# 1-0

[Event "DEM U12 2024"]
[Site "Willingen GER"]
[Date "2024.05.22"]
[Round "5"]
[White "Balashvili, Amiran"]
[Black "Rinke, Alexander"]
[Result "1-0"]
[Termination "normal"]
[Board "24"]
[WhiteElo "1682"]
[BlackElo "1596"]
[WhiteClock "00:28:37"]
[BlackClock "00:00:53"]
[PlyCount "71"]
[WhiteFideId "34652426"]
[BlackFideId "34623523"]
[EventCountry "GER"]
[EventRounds "9"]
[EventType "swiss"]
[EventDate "2024.05.18"]

1. e4 {[%clk 01:30:59]} c6 {[%clk 01:30:52]} {[%emt 00:00:08]} 2. d4 {[%clk
01:31:26]} {[%emt 00:00:03]} d5 {[%clk 01:31:17]} {[%emt 00:00:05]} 3. exd5
{[%clk 01:31:53]} {[%emt 00:00:03]} cxd5 {[%clk 01:31:40]} {[%emt 00:00:07]} 4.
Bd3 {[%clk 01:32:19]} {[%emt 00:00:04]} Nc6 {[%clk 01:30:34]} {[%emt 00:01:36]}
5. c3 {[%clk 01:32:44]} {[%emt 00:00:05]} Nf6 {[%clk 01:30:55]} {[%emt
00:00:09]} 6. h3 {[%clk 01:33:09]} {[%emt 00:00:06]} e6 {[%clk 01:30:42]}
{[%emt 00:00:43]} 7. Nf3 {[%clk 01:33:25]} {[%emt 00:00:14]} Be7 {[%clk
01:30:24]} {[%emt 00:00:47]} 8. Be3 {[%clk 01:32:41]} {[%emt 00:01:13]} O-O
{[%clk 01:24:48]} {[%emt 00:06:07]} 9. Nbd2 {[%clk 01:32:54]} {[%emt 00:00:17]}
a6 {[%clk 01:21:19]} {[%emt 00:04:00]} 10. Qc2 {[%clk 01:30:48]} {[%emt
00:02:35]} Bd7 {[%clk 01:16:03]} {[%emt 00:05:46]} 11. O-O {[%clk 01:17:05]}
{[%emt 00:14:14]} Rc8 {[%clk 01:08:28]} {[%emt 00:08:04]} 12. Qd1 {[%clk
01:14:50]} {[%emt 00:02:45]} b5 {[%clk 01:02:14]} {[%emt 00:06:44]} 13. Qe2
{[%clk 01:12:39]} {[%emt 00:02:41]} Na5 {[%clk 00:56:06]} {[%emt 00:06:38]} 14.
Rfc1 {[%clk 01:09:23]} {[%emt 00:03:46]} Nc4 {[%clk 00:51:36]} {[%emt
00:05:00]} 15. b3 {[%clk 01:07:45]} {[%emt 00:02:08]} Nxe3 {[%clk 00:50:23]}
{[%emt 00:01:43]} 16. fxe3 {[%clk 01:08:11]} {[%emt 00:00:04]} Rb8 {[%clk
00:33:19]} {[%emt 00:17:34]} 17. Ne5 {[%clk 01:04:04]} {[%emt 00:04:38]} Ne8
{[%clk 00:30:22]} {[%emt 00:03:26]} 18. Nxd7 {[%clk 00:59:54]} {[%emt
00:04:40]} Qxd7 {[%clk 00:30:43]} {[%emt 00:00:08]} 19. a4 {[%clk 00:58:05]}
{[%emt 00:02:19]} Nd6 {[%clk 00:29:19]} {[%emt 00:01:54]} 20. axb5 {[%clk
00:57:40]} {[%emt 00:00:56]} axb5 {[%clk 00:29:36]} {[%emt 00:00:13]} 21. Rc2
{[%clk 00:49:09]} {[%emt 00:09:00]} Rfc8 {[%clk 00:27:37]} {[%emt 00:02:29]}
22. Rac1 {[%clk 00:47:11]} {[%emt 00:02:29]} Bg5 {[%clk 00:20:21]} {[%emt
00:07:45]} 23. Nf3 {[%clk 00:40:40]} {[%emt 00:07:01]} Bf6 {[%clk 00:17:24]}
{[%emt 00:03:27]} 24. Nd2 {[%clk 00:36:54]} {[%emt 00:04:17]} e5 {[%clk
00:13:07]} {[%emt 00:04:47]} 25. dxe5 {[%clk 00:36:00]} {[%emt 00:01:24]} Bxe5
{[%clk 00:13:19]} {[%emt 00:00:17]} 26. Qh5 {[%clk 00:33:20]} {[%emt 00:03:08]}
Qe6 {[%clk 00:10:20]} {[%emt 00:03:31]} 27. Qxh7+ {[%clk 00:33:17]} {[%emt
00:00:33]} Kf8 {[%clk 00:10:47]} {[%emt 00:00:04]} 28. Qh8+ {[%clk 00:32:51]}
{[%emt 00:00:55]} Ke7 {[%clk 00:11:04]} {[%emt 00:00:13]} 29. Qh4+ {[%clk
00:33:16]} {[%emt 00:00:05]} Bf6 {[%clk 00:11:11]} {[%emt 00:00:23]} 30. Qe1
{[%clk 00:33:11]} {[%emt 00:00:31]} Bg5 {[%clk 00:08:57]} {[%emt 00:02:48]} 31.
Nf1 {[%clk 00:33:09]} {[%emt 00:00:32]} Rh8 {[%clk 00:05:17]} {[%emt 00:04:10]}
32. Qe2 {[%clk 00:31:09]} {[%emt 00:02:30]} Bh4 {[%clk 00:01:59]} {[%emt
00:03:49]} 33. Qf3 {[%clk 00:30:01]} {[%emt 00:01:35]} Rbg8 {[%clk 00:01:22]}
{[%emt 00:01:09]} 34. Re2 {[%clk 00:29:04]} {[%emt 00:01:28]} f5 {[%clk
00:00:56]} {[%emt 00:00:56]} 35. g3 {[%clk 00:29:11]} {[%emt 00:00:23]} Bf6
{[%clk 00:00:53]} {[%emt 00:00:33]} 36. g4 {[%clk 00:28:37]} 1-0

[Event "DEM U12 2024"]
[Site "Willingen GER"]
[Date "2024.05.22"]
[Round "6"]
[White "Wettstein, Levin"]
[Black "Rau, Eduard"]
[Result "0-1"]
[Termination "normal"]
[Board "9"]
[WhiteElo "1755"]
[BlackElo "1757"]
[WhiteClock "00:11:49"]
[BlackClock "00:22:47"]
[PlyCount "180"]
[WhiteFideId "34635866"]
[BlackFideId "16287231"]
[EventCountry "GER"]
[EventRounds "9"]
[EventType "swiss"]
[EventDate "2024.05.18"]

1. e4 {[%clk 01:30:57]} {[%emt 00:00:02]} e5 {[%clk 01:30:48]} {[%emt
00:00:13]} 2. Nf3 {[%clk 01:31:22]} {[%emt 00:00:05]} Nc6 {[%clk 01:31:09]}
{[%emt 00:00:09]} 3. Nc3 {[%clk 01:31:45]} {[%emt 00:00:06]} Nf6 {[%clk
01:31:33]} {[%emt 00:00:07]} 4. d4 {[%clk 01:32:10]} {[%emt 00:00:06]} exd4
{[%clk 01:31:59]} {[%emt 00:00:03]} 5. Nxd4 {[%clk 01:32:33]} {[%emt 00:00:06]}
Bb4 {[%clk 01:32:25]} {[%emt 00:00:04]} 6. Nxc6 {[%clk 01:32:55]} {[%emt
00:00:08]} bxc6 {[%clk 01:32:51]} {[%emt 00:00:04]} 7. Bd3 {[%clk 01:33:18]}
{[%emt 00:00:08]} d5 {[%clk 01:33:18]} {[%emt 00:00:03]} 8. exd5 {[%clk
01:33:41]} {[%emt 00:00:07]} cxd5 {[%clk 01:33:47]} {[%emt 00:00:01]} 9. O-O
{[%clk 01:33:57]} {[%emt 00:00:14]} O-O {[%clk 01:34:14]} {[%emt 00:00:04]} 10.
h3 {[%clk 01:34:20]} {[%emt 00:00:06]} c6 {[%clk 01:34:42]} {[%emt 00:00:03]}
11. Qf3 {[%clk 01:34:38]} {[%emt 00:00:11]} Be6 {[%clk 01:34:46]} {[%emt
00:00:26]} 12. Bf4 {[%clk 01:34:31]} {[%emt 00:00:35]} Re8 {[%clk 01:33:05]}
{[%emt 00:02:12]} 13. Ne2 {[%clk 01:31:47]} {[%emt 00:03:12]} Bf8 {[%clk
01:24:53]} {[%emt 00:08:45]} 14. Bg5 {[%clk 01:21:35]} {[%emt 00:10:37]} h6
{[%clk 01:19:29]} {[%emt 00:05:59]} 15. Bh4 {[%clk 01:19:29]} {[%emt 00:02:35]}
g5 {[%clk 01:18:47]} {[%emt 00:01:13]} 16. Bg3 {[%clk 01:14:19]} {[%emt
00:05:39]} c5 {[%clk 01:03:01]} {[%emt 00:16:17]} 17. Nc3 {[%clk 01:10:25]}
{[%emt 00:04:23]} c4 {[%clk 00:57:34]} {[%emt 00:05:58]} 18. Bf5 {[%clk
01:07:58]} {[%emt 00:02:52]} Bg7 {[%clk 00:53:47]} {[%emt 00:04:21]} 19. Rfd1
{[%clk 01:00:05]} {[%emt 00:08:21]} Qb6 {[%clk 00:53:54]} {[%emt 00:00:25]} 20.
Rab1 {[%clk 00:56:38]} {[%emt 00:03:57]} Rad8 {[%clk 00:51:27]} {[%emt
00:02:55]} 21. Be5 {[%clk 00:51:50]} {[%emt 00:05:16]} Bxf5 {[%clk 00:45:12]}
{[%emt 00:06:50]} 22. Qxf5 {[%clk 00:48:13]} {[%emt 00:04:07]} d4 {[%clk
00:45:31]} {[%emt 00:00:11]} 23. Bxf6 {[%clk 00:47:49]} {[%emt 00:00:53]} Qxf6
{[%clk 00:44:45]} {[%emt 00:01:16]} 24. Qxf6 {[%clk 00:47:02]} {[%emt
00:01:17]} Bxf6 {[%clk 00:44:03]} {[%emt 00:01:13]} 25. Nb5 {[%clk 00:44:38]}
{[%emt 00:02:52]} Re2 {[%clk 00:43:13]} {[%emt 00:01:22]} 26. Rdc1 {[%clk
00:38:53]} {[%emt 00:06:15]} Rd5 {[%clk 00:38:00]} {[%emt 00:05:43]} 27. Kf1
{[%clk 00:34:46]} {[%emt 00:04:33]} Re7 {[%clk 00:32:35]} {[%emt 00:05:58]} 28.
Na3 {[%clk 00:34:14]} {[%emt 00:01:02]} Rc5 {[%clk 00:31:21]} {[%emt 00:01:45]}
29. Rd1 {[%clk 00:32:28]} {[%emt 00:02:16]} Rd7 {[%clk 00:24:21]} {[%emt
00:07:30]} 30. Ke2 {[%clk 00:29:45]} {[%emt 00:03:13]} Kg7 {[%clk 00:23:54]}
{[%emt 00:00:58]} 31. b3 {[%clk 00:24:10]} {[%emt 00:06:04]} d3+ {[%clk
00:20:01]} {[%emt 00:04:22]} 32. cxd3 {[%clk 00:22:50]} {[%emt 00:01:51]} Re5+
{[%clk 00:20:26]} {[%emt 00:00:04]} 33. Kf1 {[%clk 00:21:34]} {[%emt 00:01:46]}
cxd3 {[%clk 00:20:41]} {[%emt 00:00:15]} 34. Nc4 {[%clk 00:21:14]} {[%emt
00:00:51]} Re6 {[%clk 00:20:04]} {[%emt 00:01:07]} 35. Rbc1 {[%clk 00:20:39]}
{[%emt 00:01:04]} Be7 {[%clk 00:19:39]} {[%emt 00:00:56]} 36. a3 {[%clk
00:19:27]} {[%emt 00:01:41]} f6 {[%clk 00:15:28]} {[%emt 00:04:41]} 37. Rd2
{[%clk 00:18:30]} {[%emt 00:01:27]} Re4 {[%clk 00:15:54]} {[%emt 00:00:04]} 38.
Rcd1 {[%clk 00:18:03]} {[%emt 00:00:57]} Red4 {[%clk 00:16:20]} {[%emt
00:00:05]} 39. Ra1 {[%clk 00:14:31]} {[%emt 00:04:02]} Kg6 {[%clk 00:15:11]}
{[%emt 00:01:39]} 40. Nb2 {[%clk 00:13:57]} {[%emt 00:01:04]} Kf5 {[%clk
00:15:21]} {[%emt 00:00:20]} 41. b4 {[%clk 00:12:55]} {[%emt 00:01:32]} a5
{[%clk 00:13:22]} {[%emt 00:02:29]} 42. Rad1 {[%clk 00:06:54]} {[%emt
00:06:30]} axb4 {[%clk 00:12:42]} {[%emt 00:01:10]} 43. axb4 {[%clk 00:07:17]}
{[%emt 00:00:08]} Rxb4 {[%clk 00:09:14]} {[%emt 00:03:58]} 44. Rxd3 {[%clk
00:06:26]} {[%emt 00:01:20]} Ra7 {[%clk 00:08:08]} {[%emt 00:01:36]} 45. Rf3+
{[%clk 00:04:17]} {[%emt 00:02:40]} Ke4 {[%clk 00:07:45]} {[%emt 00:00:53]} 46.
Re1+ {[%clk 00:03:59]} {[%emt 00:00:49]} Kd5 {[%clk 00:07:24]} {[%emt
00:00:46]} 47. Rd3+ {[%clk 00:02:28]} {[%emt 00:02:05]} Rd4 {[%clk 00:07:00]}
{[%emt 00:00:54]} 48. Rxd4+ {[%clk 00:01:56]} {[%emt 00:01:02]} Kxd4 {[%clk
00:07:27]} {[%emt 00:00:02]} 49. Nd1 {[%clk 00:01:10]} {[%emt 00:01:16]} Bb4
{[%clk 00:07:35]} {[%emt 00:00:23]} 50. Re3 {[%clk 00:30:18]} {[%emt 00:01:21]}
Ra1 {[%clk 00:37:23]} {[%emt 00:00:43]} 51. Ke2 {[%clk 00:30:25]} {[%emt
00:00:22]} Ra2+ {[%clk 00:34:44]} {[%emt 00:03:10]} 52. Kf3 {[%clk 00:29:25]}
{[%emt 00:01:30]} f5 {[%clk 00:34:54]} {[%emt 00:00:20]} 53. Re8 {[%clk
00:26:11]} {[%emt 00:03:38]} Ra3+ {[%clk 00:34:45]} {[%emt 00:00:45]} 54. Ke2
{[%clk 00:25:51]} {[%emt 00:00:50]} f4 {[%clk 00:32:11]} {[%emt 00:03:04]} 55.
Rd8+ {[%clk 00:22:53]} {[%emt 00:03:28]} Ke5 {[%clk 00:32:17]} {[%emt
00:00:24]} 56. Re8+ {[%clk 00:22:09]} {[%emt 00:01:14]} Kf5 {[%clk 00:32:23]}
{[%emt 00:00:23]} 57. Rd8 {[%clk 00:21:44]} {[%emt 00:00:55]} h5 {[%clk
00:24:21]} {[%emt 00:08:33]} 58. Rd5+ {[%clk 00:21:07]} {[%emt 00:01:07]} Ke4
{[%clk 00:23:46]} {[%emt 00:01:04]} 59. Rd8 {[%clk 00:18:17]} {[%emt 00:03:20]}
Ra6 {[%clk 00:22:52]} {[%emt 00:01:13]} 60. f3+ {[%clk 00:18:12]} {[%emt
00:00:47]} Ke5 {[%clk 00:22:23]} {[%emt 00:00:58]} 61. Re8+ {[%clk 00:18:01]}
{[%emt 00:00:42]} Kd4 {[%clk 00:22:48]} {[%emt 00:00:05]} 62. Rd8+ {[%clk
00:17:51]} {[%emt 00:00:39]} Kc4 {[%clk 00:20:06]} {[%emt 00:03:12]} 63. Rc8+
{[%clk 00:17:36]} {[%emt 00:00:46]} Bc5 {[%clk 00:19:54]} {[%emt 00:00:42]} 64.
Nb2+ {[%clk 00:17:53]} {[%emt 00:00:12]} Kd4 {[%clk 00:20:22]} {[%emt
00:00:03]} 65. Rd8+ {[%clk 00:17:43]} {[%emt 00:00:40]} Bd6 {[%clk 00:19:26]}
{[%emt 00:01:25]} 66. Rd7 {[%clk 00:16:14]} {[%emt 00:01:59]} Rb6 {[%clk
00:19:26]} {[%emt 00:00:31]} 67. Nd1 {[%clk 00:15:55]} {[%emt 00:00:49]} Kc4
{[%clk 00:19:29]} {[%emt 00:00:27]} 68. Rd8 {[%clk 00:15:21]} {[%emt 00:01:04]}
Rc6 {[%clk 00:18:51]} {[%emt 00:01:08]} 69. Rd7 {[%clk 00:14:57]} {[%emt
00:00:54]} Ra6 {[%clk 00:16:02]} {[%emt 00:03:19]} 70. Rd8 {[%clk 00:14:18]}
{[%emt 00:01:09]} Ra2+ {[%clk 00:16:20]} {[%emt 00:00:12]} 71. Kf1 {[%clk
00:14:27]} {[%emt 00:00:20]} Bc5 {[%clk 00:16:28]} {[%emt 00:00:23]} 72. Rc8
{[%clk 00:14:27]} {[%emt 00:00:30]} Rd2 {[%clk 00:16:09]} {[%emt 00:00:49]} 73.
Ke1 {[%clk 00:12:12]} {[%emt 00:02:45]} Rxg2 {[%clk 00:16:21]} {[%emt
00:00:18]} 74. Nf2 {[%clk 00:11:32]} {[%emt 00:01:10]} Rxf2 {[%clk 00:15:44]}
{[%emt 00:01:07]} 75. Rxc5+ {[%clk 00:11:34]} {[%emt 00:00:28]} Kxc5 {[%clk
00:16:12]} {[%emt 00:00:02]} 76. Kxf2 {[%clk 00:11:34]} {[%emt 00:00:29]} Kd4
{[%clk 00:16:39]} {[%emt 00:00:04]} 77. Kf1 {[%clk 00:10:34]} {[%emt 00:01:29]}
Ke3 {[%clk 00:17:04]} {[%emt 00:00:05]} 78. Kg2 {[%clk 00:11:01]} {[%emt
00:00:03]} Ke2 {[%clk 00:17:32]} {[%emt 00:00:03]} 79. h4 {[%clk 00:10:14]}
{[%emt 00:01:17]} gxh4 {[%clk 00:17:56]} {[%emt 00:00:06]} 80. Kg1 {[%clk
00:09:56]} {[%emt 00:00:48]} Kxf3 {[%clk 00:18:24]} {[%emt 00:00:02]} 81. Kh2
{[%clk 00:10:07]} {[%emt 00:00:18]} Ke2 {[%clk 00:18:52]} {[%emt 00:00:03]} 82.
Kg2 {[%clk 00:10:11]} {[%emt 00:00:26]} f3 {[%clk 00:19:18]} {[%emt 00:00:03]}
83. Kg1 {[%clk 00:10:05]} {[%emt 00:00:36]} f2+ {[%clk 00:19:44]} {[%emt
00:00:04]} 84. Kh2 {[%clk 00:10:31]} {[%emt 00:00:04]} f1=R {[%clk 00:20:10]}
{[%emt 00:00:05]} 85. Kg2 {[%clk 00:10:42]} {[%emt 00:00:19]} h3 {[%clk
00:20:36]} {[%emt 00:00:04]} 86. Kxh3 {[%clk 00:10:56]} {[%emt 00:00:16]} Kf3
{[%clk 00:21:01]} {[%emt 00:00:05]} 87. Kh4 {[%clk 00:11:11]} {[%emt 00:00:15]}
Kf4 {[%clk 00:21:27]} {[%emt 00:00:04]} 88. Kxh5 {[%clk 00:11:26]} {[%emt
00:00:15]} Kf5 {[%clk 00:21:54]} {[%emt 00:00:03]} 89. Kh4 {[%clk 00:11:49]}
{[%emt 00:00:06]} Rf3 {[%clk 00:22:21]} {[%emt 00:00:04]} 90. Kh5 Rh3# {[%clk
00:22:47]} 0-1